Cuadernos de Temuco: 1919-1920

Saved in:
Bibliografiske detaljer
Hovedforfatter: Neruda, Pablo (autor)
Format: Bog
Sprog:spansk
Udgivet: Buenos Aires Espasa Calpe 1996
Fag:
Tags: Tilføj Tag
Ingen Tags, Vær først til at tagge denne postø!

MARC

LEADER 00000nam a2200000 a 4500
001 UCL9000
003 CL-VaPUC
008 040716e19960000AG |||||||||||||||||spa|d
020 |a 9507311637 
082 0 4 |a Ch861  |b NER  |2 21 
100 |a Neruda, Pablo  |e autor  |9 306531 
245 1 0 |a Cuadernos de Temuco: 1919-1920 
300 |a 230 p 
942 |c BK 
945 |d 20040716 00:00:00  |a cmena 
260 |a Buenos Aires  |b Espasa Calpe  |c 1996 
650 0 |a Poesías chilenas   |9 265280 
650 0 |a Literatura chilena   |9 308278 
583 |a last modification  |c 20040716 00:00:00  |k Rodrigo Vera 
999 |c 310000  |d 309998 
952 |0 0  |1 0  |4 0  |6 CH_861_000000000000000_NER_1996  |7 0  |8 A  |9 378004  |a BIBEDU  |b BIBEDU  |c ES_NOD  |d 2019-11-21  |i 4036476  |l 1  |o Ch861 NER 1996  |p 4036476  |r 2023-08-09  |s 2023-08-04  |w 2019-11-21  |y BK  |k EPE